000 01993cam a2200301 4500
001 ABS64905
008 011213n2001 000 0 eng u
035 _a(Sirsi) u115996
100 _aEnemark, S
245 _aLand administration infrastructure for sustainable development
260 _c2001
490 _aProperty Management
_v19(5) 2001, 366-383(18)
520 _aThis paper presents a global model for understanding land administration systems in support of sustainable development. The evolution of these systems is presented as a response to the dynamic relation between humankind and land. The Nordic evolution is described with a focus that any land administration system is embedded in the cultural and judicial setting of the individual country/jurisdiction. The issue of spatial information infrastructure is recognised as an increasingly important component for achieving sustainable development in developed as well as developing countries. The paper discusses the conceptual, political and economic mechanisms, and examples are given with regard to the Danish conceptual approach to this area. Finally, the paper deals with the issue of decentralisation and the impact of central versus local government in land management in support of sustainable development. It is argued that competencies should rest with the lowest possible level of jurisdiction so as to combine responsibility for decision making with accountability for financial and environmental consequences. [TAKEN FROM JOURNAL HEADNOTE] References. Tables. Diagrams.
590 _aABS
650 _aSUSTAINABLE DEVELOPMENT
650 _aLAND MANAGEMENT
650 _aGIS
650 _aGIS
650 _aLAND ADMINISTRATION
650 _aNORDIC COUNTRIES
650 _aMANAGEMENT-BUSINESS MANAGEMENT-INFORMATION MANAGEMENT
650 _aGLOBALISATION
650 _aSPATIAL INFORMATION
650 _aLand use
_96251
650 _aDENMARK
690 _aGeomatics
_96242
942 _n0
999 _c69112
_d69112